Classement UFC Lightweight Homme - Statistiques

Statistiques générales
  • Ce quiz a été pris 888 fois
    69 depuis la dernière actualisation
  • Le résultat moyen est 12 sur 16
Statistiques - réponses
Classement Nationalité Combattants % Correct
CHAMPION 🇪🇸 / 🇬🇪 Ilia Topuria
98%
# 8 🇨🇵 Benoît Saint-Denis
95%
# 2 🇧🇷 Charles Oliveira
95%
# 1 🇦🇲 Arman Tsarukyan
92%
# 6 🇳🇿 Dan Hooker
92%
# 3 🇺🇲 Max Holloway
92%
# 4 🇺🇲 Justin Gaethje
89%
# 5 🇬🇧 Paddy Pimblett
89%
# 12 🇮🇷/🇺🇲 Beneil Dariush
83%
# 7 🇵🇱 Mateusz Gamrot
83%
# 14 🇧🇷 Maurício Ruffy
75%
# 10 🇧🇷 Renato Moicano
75%
# 9 🇰🇬/🇰🇿 Rafael Fiziev
71%
# 11 🇺🇲 Michael Chandler
62%
# 15 🇨🇱 Ignacio Bahamondes
27%
# 13 🇺🇲 Grant Dawson
24%
Aucun quiz correspondant
Distribution des résultats
% des personnes avec chaque résultat
Percentile par nombre de réponses
Votre historique - résultats
Vous n’avez pas pris ce quiz depuis la dernière actualisation